Cuentos de marineda
Kaydedildi:
| Yazar: | |
|---|---|
| Materyal Türü: | Kitap |
| Dil: | İspanyolca |
| Baskı/Yayın Bilgisi: |
Madrid
Administración
1950
|
| Seri Bilgileri: | Obras Completas, 5
|
| Konular: | |
| Etiketler: |
Etiketle
Etiket eklenmemiş, İlk siz ekleyin!
|
MARC
| LEADER | 00000nam a2200000 a 4500 | ||
|---|---|---|---|
| 001 | UCH2945 | ||
| 003 | CL-VaPUC | ||
| 008 | 090709e19500000SP |||||||||||||||||spa|d | ||
| 082 | 0 | 4 | |a 863 |b PAR |2 21 |
| 100 | |a Pardo Bazán, Emilia |e autora |9 319277 | ||
| 245 | 1 | 0 | |a Cuentos de marineda |
| 300 | |a 353 p | ||
| 942 | |c BK | ||
| 945 | |d 20090709 00:00:00 |a rbrito | ||
| 260 | |a Madrid |b Administración |c 1950 | ||
| 650 | 0 | |a Cuentos españoles |9 267960 | |
| 583 | |a last modification |c 20090709 00:00:00 |k Rodrigo Vera | ||
| 490 | 0 | |a Obras Completas, 5 | |
| 999 | |c 334604 |d 334602 | ||
| 952 | |0 0 |1 0 |4 0 |6 863_000000000000000_PAR_1950 |7 0 |8 X |9 423715 |a FDOBUD |b FDOBUD |d 2019-11-22 |i 4567897 |o 863 PAR 1950 |p 4567897 |r 2019-11-22 |w 2019-11-22 |y BK_X |k BUD | ||